|
|
|
|
| LEADER |
00000nab a2200000 a 4500 |
| 001 |
vtls009160344 |
| 003 |
SK-MaSNL |
| 005 |
20260303063256.0 |
| 008 |
071119 2007 xo r r 000 0 slo |
| 038 |
|
|
|a KEVKJB
|
| 040 |
|
|
|a KEVKJB
|b slo
|c KEVKJB
|e AACR2
|
| 041 |
0 |
|
|a slo
|
| 044 |
|
|
|a xo
|c SK
|
| 080 |
|
|
|a 796.966
|2 2001
|
| 080 |
|
|
|a 929 Božik, Mojmír
|2 2001
|
| 100 |
1 |
|
|a Matia, Bohuš
|4 aut
|9 538114
|
| 245 |
1 |
0 |
|a Keď sa mu raz ruky splašili, obišiel všetko, čo mal v ceste
|b bývalý hokejový internacionál Mojmír Božik úraduje v košickom HC vo funkcii manažéra mládeže
|c Bohuš Matia
|
| 300 |
|
|
|b Obr.
|
| 600 |
1 |
7 |
|a Božík, Mojmír,
|d 1962-
|2 kevkjb
|9 10538
|
| 650 |
0 |
7 |
|a ľadový hokej
|2 kevkjb
|9 3231
|
| 651 |
|
7 |
|a Košice (Slovensko)
|2 kevkjb
|9 18694
|
| 773 |
0 |
|
|t Košický večer
|g Roč. 18(39), č. 46 (15.11.2007), s. 15
|x 1336-5320
|
| 852 |
|
|
|a KEVKJB
|b KIS3GCP
|
| 856 |
4 |
1 |
|u www.korzar.sk
|
| 958 |
|
|
|a BX
|
| 999 |
|
|
|c 1742425
|d 1744355
|